| 000 | 00515 a2200169 4500 | ||
|---|---|---|---|
| 003 | OSt | ||
| 005 | 20231223152547.0 | ||
| 008 | 231223b |||||||| |||| 00| 0 eng d | ||
| 020 | _a9788181438638 | ||
| 040 | _coclc | ||
| 082 |
_a891.43 _bRAN/D |
||
| 100 |
_aRana, Manjula _910214 |
||
| 245 |
_aDASVEN DASHAK KE HINDI UPANYASON MEIN SAMPRADAYIK SAUHARDA / _cManjula Rana |
||
| 260 |
_aNew Delhi: _bVani Prakashan, _c2015. |
||
| 300 | _a519p | ||
| 942 |
_2ddc _cBK _h891.43 _iRAN/D _k891.43 _mRAN/D |
||
| 999 |
_c43562 _d43562 |
||